000 01151nam a22003137a 4500
003 CHAP
005 20220329134145.0
008 971013s1982 r 00010 d
010 _a16286
011 _a17258
035 _a21341
040 _cCHAP
090 _aTesis
100 0 0 _aGutiérrez Moreno, Alejandro.
_951771
245 _aAnálisis de prefactibilidad para el establecimiento de una empresa lechera aprovechando el Distrito de Riego No. 30 "El Valsequillo" en el Valle de Tecamachalco, Puebla, Pue.
260 _aMéxico, D.F., :
_bEl autor,
_c1982
300 _a72 h
502 _aTesis (Médico Veterinario Zootecnista) -- UNAM. Fac. de Medicina Veterinaria y Zootecnia
590 _aALEPH
_b10
_c20130110
_lUCH01
_h1238
590 _aBATCH-UPD
_b10
_c20130110
_lUCH01
_h0013
590 _aBATCH-UPD
_b10
_c20130409
_lUCH01
_h1950
590 _aBATCH-UPD
_b10
_c20130914
_lUCH01
_h1209
590 _aCONVERSION
_b10
_c20130109
_lUCH01
_h1310
650 1 4 _aDistrito de Riego Valsequillo, Pue.
_932954
650 1 4 _aIndustria lechera
_xPuebla.
_957854
901 _aBK
942 _cTESIS
949 _bBC
_cTES
_d-49706
_eTS1
_h18417
_i21341
_si
999 _c16286
_d16286